000
00263nam a2200109Ia 4500
001
588713
005
20250717120836.0
008
250717s9999 xx 000 0 und d
245
0
_a
Z-1 32 DİŞ
_c
İSMAİL BİLGİN
260
_b
ERDEM YAYINLARI
_c
2020
300
_b
78
999
_c
588713
_d
588713